000
00332nam a22001577a 4500
003
SGT
020
_a
978-81-312-2900-2
082
_a
616.024, C14V
100
_a
VINCENT, J. L.
245
_a
TB. OF CRITICAL CARE
250
_a
6TH
260
_a
ELSEVIER
_b
DELHI
_c
2011
300
_a
1698
650
_a
MEDICINE
942
_2
ddc
_c
BK
999
_c
8667
_d
8667